Major Incidents that Shaped Aviation Security

Náhľad na hlavné incidenty v civilnom letectve, ktoré formovali leteckú bezpečnosť v priebehu času. Hrozby priemyslu a porušenia bezpečnosti (únosy a terorizmus), protiopatrenia a politické rozhodnutia sú príkladom zmien v leteckej bezpečnosti. Analýza vplyvu 9/11, ale tiež súčasných hrozieb pre civ...

Full description

Saved in:
Bibliographic Details
Main Author: Klenka, Michal
Format: Book Chapter
Language:English
Subjects:
Tags: Add Tag
No Tags, Be the first to tag this record!

MARC

LEADER 00000naa a2200000 4500
001 0254579
005 20240502083727.8
041 0 |a eng 
044 |a US 
245 1 0 |a Major Incidents that Shaped Aviation Security  |c Michal Klenka 
520 |a Náhľad na hlavné incidenty v civilnom letectve, ktoré formovali leteckú bezpečnosť v priebehu času. Hrozby priemyslu a porušenia bezpečnosti (únosy a terorizmus), protiopatrenia a politické rozhodnutia sú príkladom zmien v leteckej bezpečnosti. Analýza vplyvu 9/11, ale tiež súčasných hrozieb pre civilné letectvo a medzinárodné úsilia v boji proti nim. Analýza vplyvu incidentov na evolúciu leteckej bezpečnosti a zisťovanie toho, či bol priemysel reaktívny alebo proaktívny k zmierneniu hrozieb leteckej dopravy. Bezpečnostné metódy sú implementované a proaktívny prístup zúčastnených strán sa musí udržať smerom k leteckej bezpečnosti, pretože letectvo bude mať zväčšujúci sa podiel v budúcnosti dopravy. 
610 2 0 |a lietadlá 
610 2 0 |a bezpečnosť dopravy 
610 2 0 |a terorizmus 
610 2 0 |a doprava letecká 
100 1 |a Klenka, Michal